| 000 | 00337nam a2200121Ia 4500 | ||
|---|---|---|---|
| 008 | 240624s9999 xx 000 0 und d | ||
| 041 | _aeng | ||
| 082 | _a658.403 SRI | ||
| 100 | _aSRIVASTAVA U K | ||
| 245 | _aQUANTITATIVE TECHNIQUES FOR MANAGERIAL D | ||
| 260 |
_c1993 _aNew Delhi _bNew International pub. |
||
| 300 | _axv, : 941p. : cm. ; 22 | ||
| 999 |
_c5243 _d5243 |
||